Valuation accuracy: a comparison of residential guide prices and auction results (Record no. 74260)
[ view plain ]
| 000 -LEADER | |
|---|---|
| fixed length control field | 01439cab a2200253 4500 |
| 001 - CONTROL NUMBER | |
| control field | ABS67625 |
| 008 - FIXED-LENGTH DATA ELEMENTS--GENERAL INFORMATION | |
| fixed length control field | 040311n2004 000 0 eng u |
| 035 ## - SYSTEM CONTROL NUMBER | |
| System control number | (Sirsi) u125399 |
| 100 ## - MAIN ENTRY--PERSONAL NAME | |
| Personal name | Stevenson, S. |
| 245 ## - TITLE STATEMENT | |
| Title | Valuation accuracy: a comparison of residential guide prices and auction results |
| 260 ## - PUBLICATION, DISTRIBUTION, ETC. | |
| Date of publication, distribution, etc. | 2004 |
| 490 ## - SERIES STATEMENT | |
| Series statement | Property Management |
| Volume/sequential designation | 22(1) 2004, 45-54(10) |
| 520 ## - SUMMARY, ETC. | |
| Summary, etc. | Examines the relationship between guide and sale prices for residential properties in Greater Dublin during the recent housing boom. The results indicate that degrees of divergence can be present, auctioned properties tend to sell more frequently at a premium to their guide price and that the average level of premium is also higher. These findings are confirmed by econometric analysis. It is proposed that the two potential causes behind this mis-pricing are the speculative boom in the Dublin market during the period and the possibility that agents build into auction guide prices an element of underpricing in order to increase interest in the properties on the market. Graph, tables and references. [Taken from journal abstract]. |
| 590 ## - LOCAL NOTE (RLIN) | |
| Local note | ABS |
| 650 ## - SUBJECT ADDED ENTRY--TOPICAL TERM | |
| Topical term or geographic name entry element | DUBLIN |
| 650 ## - SUBJECT ADDED ENTRY--TOPICAL TERM | |
| Topical term or geographic name entry element | EIRE |
| 650 ## - SUBJECT ADDED ENTRY--TOPICAL TERM | |
| Topical term or geographic name entry element | HOUSING BOOM |
| 650 ## - SUBJECT ADDED ENTRY--TOPICAL TERM | |
| Topical term or geographic name entry element | Auctioneering |
| 9 (RLIN) | 6218 |
| 650 ## - SUBJECT ADDED ENTRY--TOPICAL TERM | |
| Topical term or geographic name entry element | RESIDENTIAL AGENTS |
| 650 ## - SUBJECT ADDED ENTRY--TOPICAL TERM | |
| Topical term or geographic name entry element | Auctioneering |
| 9 (RLIN) | 6218 |
| 690 ## - LOCAL SUBJECT ADDED ENTRY--TOPICAL TERM (OCLC, RLIN) | |
| Topical term or geographic name as entry element | PROPERTY-RESIDENTIAL PROPERTY-RESIDENTIAL PROPERTY MARKET |
| 700 ## - ADDED ENTRY--PERSONAL NAME | |
| Personal name | Young, J. |
| 942 ## - ADDED ENTRY ELEMENTS (KOHA) | |
| Suppress in OPAC | 0 |
| Withdrawn status | Lost status | Source of classification or shelving scheme | Damaged status | Not for loan | Home library | Current library | Shelving location | Date acquired | Total Checkouts | Full call number | Barcode | Date last seen | Copy number | Price effective from | Koha item type |
|---|---|---|---|---|---|---|---|---|---|---|---|---|---|---|---|
| Dewey Decimal Classification | London | London | Journal article | 11/03/2004 | ABS67625 | 125399-1001 | 06/08/2019 | 1 | 06/08/2019 | Journal article |